"الصهيونية العالمية ""الأيدلوجية والممارسة"" دراسة سياسية - اجتماعية واقتصادية" / (Record no. 44155)
[ view plain ]
| 000 -الفاتح | |
|---|---|
| حقل البيانات ثابتة الطول | 00760nam a2200217Ia 4500 |
| 008 - عناصر البيانات ثابتة الطول - معلومات عامة | |
| حقل البيانات ثابتة الطول | 140319s9999 xx 000 0 ara d |
| 040 ## - مصدر الفهرسة | |
| وكالة الفهرسة الأصلية | GCL / |
| وكالة النسخ | GCL |
| 082 04 - رقم تصنيف ديوى العشرى | |
| رقم التصنيف | 320.9 |
| رقم المادة | ا ص |
| 100 1# - المدخل الرئيسى - إسم شخصى | |
| الإسم الشخصى | ايدلمان . آ. ى |
| 245 10 - بيان العنوان | |
| العنوان | "الصهيونية العالمية ""الأيدلوجية والممارسة"" دراسة سياسية - اجتماعية واقتصادية" / |
| بيان المسئوليه,etc | ايدلمان . آ. ى |
| 700 1# - المدخل الاضافى - اسم شخصى | |
| الإسم الشخصى | سير غيف . س |
| 700 1# - المدخل الاضافى - اسم شخصى | |
| الإسم الشخصى | ناغاتيشوك . ف?. ى |
| 700 1# - المدخل الاضافى - اسم شخصى | |
| الإسم الشخصى | شحاده العبد المجيد |
| 300 ## - الوصف المادى | |
| التعداد | 212 |
| 490 ## - بيان السلسلة | |
| عنوان السلسلة | 100 قصة |
| رقم المجلد/ التعيين التسلسلي | 0 |
| 650 04 - المدخل الاضافى بالموضوع-مصطلح موضوعى | |
| مصطلح موضوعي | النزاع العربى الاسرائيلى |
| 650 04 - المدخل الاضافى بالموضوع-مصطلح موضوعى | |
| مصطلح موضوعي | الصهيونية |
| 650 04 - المدخل الاضافى بالموضوع-مصطلح موضوعى | |
| مصطلح موضوعي | المنظمات الدولية |
| 942 ## - عناصر المدخل الإضافي( كوها) | |
| مصدر التصنيف او مخطط الترفيف | Dewey Decimal Classification |
| Koha [default] item type | كتاب |
| حالة التراجع | حالة الفقد | حالة تلف | ليس للاعارة | المكان المؤقت | الموقع الحالى | تاريخ الاكتساب | اجمالي اﻻعارات | رقم الطلب | الباركود | تاريخ اخر مشاهدة | تاريخ تفعيل السعر | نوع وعاء كوها |
|---|---|---|---|---|---|---|---|---|---|---|---|---|
| مكتبة القاهرة الكبرى | مكتبة القاهرة الكبرى | 03/26/2014 | 320.9\ا ص | 107251 | 03/26/2014 | 03/26/2014 | كتاب | |||||
| مكتبة القاهرة الكبرى | مكتبة القاهرة الكبرى | 03/26/2014 | 320.9\ا ص | 107252 | 03/26/2014 | 03/26/2014 | كتاب | |||||
| مكتبة القاهرة الكبرى | مكتبة القاهرة الكبرى | 03/26/2014 | 320.9\ا ص | 107253 | 03/26/2014 | 03/26/2014 | كتاب |

